Hipótesis sobre liberación nacional y liberación social en la etapa actual del imperialismo /
El documento consiste en una ponencia presentada en el: IV Congreso Centroamericano de sociología "Blas Real Espinales", acerca de la crítica a la hipótesis sobre liberación nacional y liberación social del imperialismo, así como el problema de la construcción de la hegemonía obrera en el...
שמור ב:
| מחבר ראשי: | |
|---|---|
| פורמט: | Texto |
| שפה: | Spanish |
| יצא לאור: |
Tegucigalpa:
UNAH,
1980
|
| נושאים: | |
| תגים: |
הוספת תג
אין תגיות, היה/י הראשונ/ה לתייג את הרשומה!
|
MARC
| LEADER | 00000 a a2200000 04500 | ||
|---|---|---|---|
| 001 | 21247 | ||
| 003 | cru CIDCACS/IIS | ||
| 005 | 20230705112617.0 | ||
| 008 | 210511b |||||||| |||| 00| 0 spa d | ||
| 040 | |c cru CRAI/IIS | ||
| 090 | |a 01.02.01 V695h | ||
| 100 | 1 | |a Vilas, Carlos | |
| 245 | 1 | |a Hipótesis sobre liberación nacional y liberación social en la etapa actual del imperialismo / |c Carlos Vilas | |
| 260 | |a Tegucigalpa: |b UNAH, |c 1980 | ||
| 300 | |a 37 p. | ||
| 500 | |a Colección Centroamérica | ||
| 520 | |a El documento consiste en una ponencia presentada en el: IV Congreso Centroamericano de sociología "Blas Real Espinales", acerca de la crítica a la hipótesis sobre liberación nacional y liberación social del imperialismo, así como el problema de la construcción de la hegemonía obrera en el campo popular. | ||
| 650 | 4 | |9 1924 |a IMPERIALISMO | |
| 650 | 0 | |9 8596 |a MOVIMIENTOS DE LIBERACION | |
| 650 | 0 | |9 2081 |a SOCIOLOGIA | |
| 650 | 0 | |9 64 |a CAPITALISMO | |
| 942 | |2 ddc |c LI | ||
| 999 | |c 1181 |d 1181 | ||
